|
|
|
|
| LEADER |
00000nam0a2200000 4500 |
| 001 |
276025 |
| 005 |
20231101234900.0 |
| 020 |
|
|
|a RU
|b 86-11813
|
| 035 |
|
|
|a (RuTPU)RU\TPU\book\299278
|
| 090 |
|
|
|a 276025
|
| 100 |
|
|
|a 20141118d1985 k y0rusy5003 ca
|
| 101 |
0 |
|
|a rus
|
| 102 |
|
|
|a UA
|
| 105 |
|
|
|a a z 001zy
|
| 200 |
1 |
|
|a Датчики и измерительные преобразователи для контроля и регулирования сварочных процессов
|e [сборник статей]
|f Академия наук Украинской ССР (АН УССР), Институт электросварки им. Е. О. Патона (ИЭС) ; под ред. А. Е. Коротынского
|
| 210 |
|
|
|a Киев
|c Изд-во ИЭС
|d 1985
|
| 215 |
|
|
|a 94 с.
|c ил.
|
| 320 |
|
|
|a Библиогр. в конце статей
|
| 606 |
1 |
|
|a Сварка
|x Приспособления
|2 stltpush
|3 (RuTPU)RU\TPU\subj\53912
|9 72076
|
| 610 |
1 |
|
|a сварочные процессы
|
| 610 |
1 |
|
|a датчики
|
| 610 |
1 |
|
|a преобразователи
|
| 610 |
1 |
|
|a сварочные процессы
|
| 610 |
1 |
|
|a контроль
|
| 610 |
1 |
|
|a регулирование
|
| 610 |
1 |
|
|a математическое обеспечение
|
| 675 |
|
|
|a 621.791.03
|v 4
|
| 702 |
|
1 |
|a Коротынский
|b А. Е.
|g Александр Евтихиевич
|4 340
|
| 712 |
0 |
2 |
|a Академия наук Украинской ССР (АН УССР)
|b Институт электросварки им. Е. О. Патона (ИЭС)
|c (Киев)
|2 stltpush
|3 (RuTPU)RU\TPU\col\13726
|
| 801 |
|
0 |
|a RU
|b RuMRKP
|c 19960704
|g psbo
|
| 801 |
|
1 |
|a RU
|b 63413507
|c 20141118
|
| 801 |
|
2 |
|a RU
|b 63413507
|c 20170331
|g RCR
|
| 942 |
|
|
|c BK
|